00697nam a2200181 a 450000100100000000500170001000800410002704000250006808200150009311000320010824000180014024500760015825000190023426000500025330000200030395201750032399900170049800003325420200930070129.0110823s1907 dr 000 0 spa d aDO-SdBNPbspacBNPHU axxxbR426c1 aRepública Dominicana944710a[Leyes, etc.]10aCódigo penal y de procedimiento militar de la República Dominicana. a2a ed. oficial aSanto Domingo :bLa Cuna de América,c1907. a54 p. ;c27 cm. 001050718RVaPDbPDcCTd2011-08-23iLF1l0oxxx R426cp33254-10r2020-06-25w2020-06-25y1zPerteneció a la biblioteca personal de Julio Ortega Frier.ZNo se presta c32745d32745